Pays ayant bombardé la Serbie en 1999 - Statistiques

Statistiques générales
  • Ce quiz a été pris 61 fois
  • Le résultat moyen est 33 sur 46
Statistiques - réponses
Hint Réponse % Correct
A bombardé la Serbie (OTAN) France
98%
A aidé la Serbie / Opposé aux bombardements Russie
92%
A bombardé la Serbie (OTAN) Allemagne
87%
Soutenu l’OTAN Croatie
85%
A bombardé la Serbie (OTAN) Espagne
85%
Soutien politique limité à l’intervention humanitaire Suisse
85%
Soutenu les bombardements (OTAN) / bases utilisées Albanie
81%
A participé logiquement à l’OTAN mais opinion publique pro-serbe Grèce
81%
Soutenu OTAN (pas de frappes directes) Pologne
81%
Soutenu les bombardements / bases autorisées Bulgarie
79%
Soutenu l’OTAN / bases autorisées Hongrie
79%
A bombardé la Serbie (OTAN) Portugal
79%
Soutenu l’OTAN / espace aérien autorisé Roumanie
79%
A bombardé la Serbie (OTAN) Royaume-Uni
79%
Soutien politique à l’OTAN Slovénie
79%
A bombardé la Serbie (OTAN) Italie
77%
Opposée aux bombardements Slovaquie
77%
A bombardé la Serbie (OTAN) Belgique
75%
Soutenu l'intervention OTAN Bosnie-Herzégovine
75%
Soutenu l’OTAN / bases Macédoine du Nord
75%
A bombardé la Serbie (OTAN) Norvège
75%
Soutenu politiquement les bombardements Suède
75%
A bombardé la Serbie (OTAN) Turquie
75%
A aidé la Serbie / Opposé aux bombardements Biélorussie
73%
Soutenu politiquement les bombardements Finlande
73%
Soutenu politiquement les bombardements (non-membre OTAN) Autriche
71%
Soutenu politiquement l’OTAN Estonie
71%
Soutenu politiquement l’OTAN Lettonie
71%
Opposé aux bombardements Ukraine
71%
A bombardé la Serbie (OTAN) Danemark
69%
Neutre Irlande
69%
A bombardé la Serbie (OTAN) Pays-Bas
69%
Soutenu politiquement l’OTAN Lituanie
67%
Soutenu OTAN (pas de frappes) Luxembourg
67%
Soutenu l’OTAN Tchéquie
67%
Neutre Andorre
65%
Soutenu les bombardements (OTAN) Islande
65%
Opposé aux bombardements Vatican
65%
Bombardé Monténégro
63%
Opposée aux bombardements Moldavie
60%
Neutre Saint-Marin
60%
Neutre Liechtenstein
56%
Neutre Malte
56%
Neutre Monaco
52%
A aidé la Serbie politiquement Chypre
50%
Bombardée Serbie
46%
Aucun quiz correspondant
Distribution des résultats
% des personnes avec chaque résultat
Percentile par nombre de réponses
Votre historique - résultats
Vous n’avez pas pris ce quiz